书目信息 |
| 题名: |
化肥农药减施增效技术
|
|
| 作者: | 陈勇 , 胡芳辉 , 邵玉丽 主编 | |
| 分册: | ||
| 出版信息: | 北京 中国农业科学技术出版社 2019.08 |
|
| 页数: | 184页 | |
| 开本: | 21cm | |
| 丛书名: | ||
| 单 册: | ||
| 中图分类: | S147.2 , S48 | |
| 科图分类: | ||
| 主题词: | 施肥--shi fei--教材 , 农药施用--nong yao shi yong--教材 | |
| 电子资源: | ||
| ISBN: | 978-7-5116-4047-5 | |
| 000 | 01109nam0 2200313 450 | |
| 001 | CAL 0120192856498 | |
| 005 | 20230217093113.0 | |
| 010 | @a978-7-5116-4047-5@dCNY39.90 | |
| 100 | @a20190924d2019 em y0chiy0120 ea | |
| 101 | 0 | @achi |
| 102 | @aCN@b110000 | |
| 105 | @ay a 000yy | |
| 106 | @ar | |
| 200 | 1 | @a化肥农药减施增效技术@Ahua fei nong yao jian shi zeng xiao ji shu@f陈勇, 胡芳辉, 邵玉丽主编 |
| 205 | @a新版 | |
| 210 | @a北京@c中国农业科学技术出版社@d2019.08 | |
| 215 | @a184页@d21cm | |
| 320 | @a有书目 (第184页) | |
| 330 | @a本书主要介绍了化肥农药概述、化肥施用基础知识、农作物化肥减施增效技术、蔬菜化肥减施增效技术、果树化肥减施增效技术、农药施用基础知识、农作物农药无公害使用技术、蔬菜无公害使用技术、果树无公害使用技术等内容。 | |
| 333 | @a农民培训精品教材 | |
| 606 | 0 | @a施肥@Ashi fei@j教材 |
| 606 | 0 | @a农药施用@Anong yao shi yong@j教材 |
| 690 | @aS147.2@v5 | |
| 690 | @aS48@v5 | |
| 701 | 0 | @a陈勇@Achen yong@4主编 |
| 701 | 0 | @a胡芳辉@Ahu fang hui@4主编 |
| 701 | 0 | @a邵玉丽@Ashao yu li@4主编 |
| 801 | 0 | @aCN@bBJXHZP@c20230228 |
| 905 | @b1401373-6@dS147.2@e147@f4 | |
| 化肥农药减施增效技术/陈勇, 胡芳辉, 邵玉丽主编.-新版.-北京:中国农业科学技术出版社,2019.08 |
| 184页;21cm |
| 使用对象:农民培训精品教材 |
| ISBN 978-7-5116-4047-5:CNY39.90 |
| 本书主要介绍了化肥农药概述、化肥施用基础知识、农作物化肥减施增效技术、蔬菜化肥减施增效技术、果树化肥减施增效技术、农药施用基础知识、农作物农药无公害使用技术、蔬菜无公害使用技术、果树无公害使用技术等内容。 |
| ● |
| 相关链接 |
|
|
|
|
正题名:化肥农药减施增效技术
索取号:S147.2/147
 
预约/预借
| 序号 | 登录号 | 条形码 | 馆藏地/架位号 | 状态 | 备注 |
| 1 | 1401373 | 214013734 | 第二样本阅览室/ [索取号:S147.2/147] | 在馆 | |
| 2 | 1401374 | 214013743 | 第三借阅区/ [索取号:S147.2/147] | 在馆 | |
| 3 | 1401375 | 214013752 | 第三借阅区/ [索取号:S147.2/147] | 在馆 | |
| 4 | 1401376 | 214013761 | 第三借阅区/ [索取号:S147.2/147] | 在馆 |